000 00669nas a2200241 4500
001 BR8204662
003 BR-BrBNA
005 20231205085223.0
007 ta
008 230509b bl.|||p| |||| 00| 00por d
040 _aBR-BrBNA
_bpor
_cBiblioteca Nacional de Agricultura
041 _a(Pt)
072 _aL00
100 1 _aCasagrande, E.J.
245 1 _aPrimeiros cuidados a receber os pintos
650 _aGALINHA
650 _aPINTO
650 _aCRIACAO
650 _aRIO GRANDE DO SUL
773 0 _tLavoura Arrozeira (Brazil)
_xISSN 0023-9143
_g(Sep 1982), v. 35(338) p. 41
_wBR8204662
909 _a202311
_bLúcia
_c55
_dLúcia Elande
942 _2AGRIS
_n0
_cANA
999 _c110066
_d110066